000 00774nam a22002537a 4500
003 DO-SdBNP
005 20240529132238.0
007 ta
008 210707e2018 dr ||||er|||| 00| pdspa d
020 _a9789945802160
040 _aDO-SdBNP
_bspa
_cBNPHU
041 _hspa
082 _bC118c
100 _aCáceres Reynoso , Ysidro
_d1956 -
_979124
245 1 0 _aCausa y sentimiento :
_c(texto poético) /
260 _a[Santo Domingo] :
_b[s.n.],
_c2018
300 _a105 p. ;
_c21 cm
500 _aIncluye datos biográficos del autor en la contaportada.
590 _aInventariado 2021 / MF
650 0 _aPoesía dominicana
_978060
650 0 _aLITERATURA DOMINICANA
_978268
650 4 _98767
_aArte de escribir Poesía
_xRepública Dominicana
942 _2ddc
_cLBS1
999 _c50063
_d50063